Najwyżej położone powiaty w Polsce. - Statystyki

Ogólne statystyki
  • Ten quiz został rozwiązany 291 razy
  • Średni wynik to 7 z 11
Statystyki odpowiedzi
lp. Wysokość Powiat % Poprawnych
1 2499 Tatrzański
95%
6 1346 Bieszczadzki
86%
1725 Nowotarski
84%
4 1557 Żywiecki
78%
8 1266 Nowosądecki
77%
5 1424 Kłodzki
73%
9 1257 Bielski
62%
10 1220 Cieszyński
61%
2 1725 Suski
60%
7 1283 Limanowski
50%
3 1603 Jeloniogórski
3%
Nie znaleziono quizów pasujących do podanych kryteriów
Rozkład punktacji
Procent ludzi z każdym wynikiem
Percentyl według liczby udzielonych odpowiedzi
Twoja historia wyników
Nie rozwiązałeś tego quizu